| 000 | 00716nam a2200241Ia 4500 | ||
|---|---|---|---|
| 005 | 20260121112823.0 | ||
| 008 | 9065 260114s9999 xx 000 0 eng d | ||
| 020 | _a9789812810861 | ||
| 037 | _aEBOOK | ||
| 040 |
_aCRL _beng _cCRL |
||
| 041 |
_aeng _2eng |
||
| 084 | _qCRL | ||
| 100 |
_aNassiopoulou Androula G & Zianni Xanthi _9963753 |
||
| 245 | 0 | _aMicroelectronics, Microsystems and Nanotechnology: Papers Presented of At Mmn 2000 | |
| 260 | _bWorld Scientific | ||
| 260 | _bWSPC | ||
| 260 | _c2001 | ||
| 650 |
_aNanotechnology & Nanoscience _9963754 |
||
| 856 | _uhttps://www.worldscientific.com/worldscibooks/10.1142/4825#t=toc | ||
| 942 | _cEBOOK | ||
| 999 |
_c1546365 _d1546365 |
||